श्रीनरेश मेहता रचनावली / (Record no. 53609)

MARC details
000 -LEADER
fixed length control field 00727nam a2200205Ia 4500
005 - DATE AND TIME OF LATEST TRANSACTION
control field 20260429112337.0
008 - FIXED-LENGTH DATA ELEMENTS--GENERAL INFORMATION
fixed length control field 260429s9999||||xx |||||||||||||| ||und||
020 ## - INTERNATIONAL STANDARD BOOK NUMBER
International Standard Book Number 9788180316531
041 ## - LANGUAGE CODE
Language Hindi
082 ## - DEWEY DECIMAL CLASSIFICATION NUMBER
Classification number 891.433
Item number SHR
100 ## - MAIN ENTRY--PERSONAL NAME
Personal name श्रोत्रिया, प्रभाकर
245 #0 - TITLE STATEMENT
Title श्रीनरेश मेहता रचनावली /
Statement of responsibility, etc प्रभाकर श्रोत्रिया
250 ## - EDITION STATEMENT
Edition statement 1st ed.
260 ## - PUBLICATION, DISTRIBUTION, ETC. (IMPRINT)
Place of publication, distribution, etc प्रयागराज :
Name of publisher, distributor, etc लोकभारती प्रकाशन,
Date of publication, distribution, etc 2014.
300 ## - PHYSICAL DESCRIPTION
Extent 510 p.; Hb
440 ## - SERIES STATEMENT/ADDED ENTRY--TITLE
Volume number/sequential designation खंड- 6
650 ## - SUBJECT ADDED ENTRY--TOPICAL TERM
Topical term or geographic name as entry element Hindi Literature
700 ## - ADDED ENTRY--PERSONAL NAME
Personal name ग्रोवर, रमेश चंद्र
942 ## - ADDED ENTRY ELEMENTS (KOHA)
Koha item type Text Books
Holdings
Withdrawn status Lost status Damaged status Not for loan Collection code Home library Location Shelving location Date of Cataloging Source of acquisition Total Checkouts Full call number Barcode Date last seen Price effective from Koha item type
        Non-fiction CUTN Central Library CUTN Central Library Literature 29/04/2026 Segment Book Distributors, New Delhi - Invoice No. 71458 on 09-02-2026   891.433 SHR 58464 29/04/2026 29/04/2026 Text Books